LEADER 01054nam a2200193 i 4500 001 000000238172 003 CaOOAMICUS 005 20150121000000.0 008 150121s1743 it u000 u lat u 013 $a217077 026 $am,o- amor e-*- ribl (3) 1743 (R) 040 $aSeMil$bita 245 10$aTomus 1. 300 $a[8], XXIII, [1], 499, [1] p. 500 $aFront. stampato in rosso e nero. - Segn. : pg4 a-c4 A-3P3 3Q6. 773 0 $aOrigenes $tOrigenis Opera omnia et quae ejus nomine circumferuntur Latine versa et ex variis editionibus & codicibus manu exaratis Gallicis Italicis Germanicis & Anglicis collecta, recensita, atque annotationibus illustrata, cum copiosis indicibus, ... Ex recentissima editione Parisiensi domni Caroli Delarue presbyteri & monachi Benedictini e Congregatione s. Mauri. Tomus 1. [-3.].$dVenetiis : Sumptibus Societatis, 1743.$g1$w()31289 850 $aSeMil 852 $aSeMil$W1$xVenegono$y1$m2S VIII 8 FA$j188518$B188518$CSeMilBibl$Z2$F199261 $8I 996 $6245$aTomus 1$9(OLS)http://semarc/title/47282 LEADER 01061nam a2200253 i 4500 001 000000055806 003 CaOOAMICUS 005 20051014000000.0 008 051014s1951 it u000 u ita u 013 $a26978 040 $aSeMil$bita 245 10$aMostra del Tiepolo /$ccatalogo ufficiale a cura di Giulio Lorenzetti ; con la collaborazione di Giovanni Mariacher per la raccolta del materiale bibliografico. 260 $aVenezia :$bAlfieri,$c1951. 300 $aXIX, 205 p. :$briccamente ill. ;$c21 cm. 500 $aFondo Ciprandi. 600 14$aTiepolo, Giambattista <1696-1770>.$0(OLS)http://semarc/subject/30590 700 1 $aMariacher, Giovanni.$0(OLS)http://semarc/name/28109 700 1 $aLorenzetti, Giulio.$0(OLS)http://semarc/name/28108 850 $aSeMil 852 $aSeMil$W1$xVenegono$y1$m5R I 67$j21960$B21960$CSeMilBibl$Z2$F21962 $81 941 1 $a1 961 $aOmaggio: Ciprandi dott. Paolo 996 $6245$aMostra del Tiepolo$9(OLS)http://semarc/title/86644 996 $6260$aVenezia :$bAlfieri$9(OLS)http://semarc/publisher/41776